000 00950nam a2200265Ia 4500
003 PE SENCICO BE
005 20260219192952.0
008 200515s9999 xx 000 0 und d
040 _aPE SENCICO BE
_cPE SENCICO BE
041 _aspa
082 _aR 690
_bS31 1990
100 1 _aHeinrich, Schmitt
_9128
_eautor
245 1 0 _aEnciclopedia de la construcción /
_cHeinrich Schmit
250 _a2a ed.
260 _aMéxico, D.F. :
_bG. Gili ;
_c1990
300 _avolúmenes :
_bilustraciones ;
_c29 cm.
505 0 _aVolumen 1: Cimentación, protección de las obras, paredes -- Volumen 2: Techos o pisos, escaleras, balcones y terrazas, estructuras de las obras -- Volumen 3: Cubiertas, chimeneas
650 1 0 _aConstrucción
_9339
650 2 0 _aIndustria de la construcción
_9355
650 2 0 _aCimentaciones
_9356
650 2 0 _aEstructuras de concreto
_9302
650 2 0 _aTechos
_9357
650 2 0 _aEscaleras
_9358
942 _cLIB
_2ddc
999 _c2846
_d2846